[Event "11.Offene Senioren SH 2017"]
[Site "Büsum"]
[Date "2017.09.12"]
[Round "5.28"]
[White "Mikolajewski, Armin"]
[Black "Fleischer, Martin"]
[Result "1-0"]
[BlackElo "1919"]
[BlackTeam "SV Einheit Schwerin"]
[WhiteElo "2047"]
[WhiteTeam "Naumburger SV"]

1. d4 e6 2. c4 Bb4+ 3. Bd2 Bxd2+ 4. Nxd2 d5 5. e3 Nf6 6. Ngf3 Nbd7 7. Bd3 c6 8.
O-O  h6 9. Rc1 O-O  10. Bb1 Re8 11. Qc2 Nf8 12. Ne5 N6d7 13. f4 f5 14.
Qd1 Nf6 15. a3 a5 16. c5 Re7 17. Qe1 Qe8 18. Qh4 Qh5 19. Qxh5 Nxh5 20. Bd3 Nf6
21. Be2 N6d7 22. Ndf3 Nxe5 23. Nxe5 g6 24. a4 Rg7 25. Rb1 Nd7 26. b4 Nxe5 27.
fxe5 axb4 28. Rxb4 g5 29. g3 Ra7 30. h3 f4 31. exf4 gxf4 32. g4 Rf7 33. Bd1 Ra6
34. Rb2 Kg7 35. Rf3 Rf8 36. h4 Rf7 37. Kh2 Rf8 38. Kh3 Rf7 39. g5 hxg5 40. hxg5
Rf8 41. Kg4 Rh8 42. Rh3 Rxh3 43. Kxh3 f3 44. Kg4 f2 45. Rxf2 b5 46. axb5 Ra1
47. Bc2 Rg1+ 48. Kf4 cxb5 49. Rh2 Rf1+ 50. Ke3 b4 51. Rh7+ Kg8 52. Ra7 Rf7 53.
Ra8 Rc7 54. Rb8 Kg7 55. Rxb4 Bd7 56. Rb6 Bc6 57. Kf4 Bd7 58. Bd3 Ra7 59. Ba6
Kg6 60. c6 Be8  1-0

[Event "11.Offene Senioren SH 2017"]
[Site "Büsum"]
[Date "2017.09.12"]
[Round "5.29"]
[White "Pamperin, Gerhard"]
[Black "Lehmann, Erwin"]
[Result "1/2-1/2"]
[BlackElo "2015"]
[BlackTeam "Ahrensburger TSV"]
[WhiteElo "1927"]
[WhiteTeam "SF Schwerin"]

1. d4 f5 2. g3 Nf6 3. c4 d6 4. Nf3 g6 5. Nc3 Bg7 6. Bg2 O-O  7. O-O  Qe8
8. Re1 Qf7 9. b3 Ne4 10. Bb2 Nxc3 11. Bxc3 h6 12. e3 Nd7 13. Qc2 Nf6 14. Nd2 c6
15. f4  1/2-1/2

[Event "11.Offene Senioren SH 2017"]
[Site "Büsum"]
[Date "2017.09.12"]
[Round "5.30"]
[White "Reinhold, Klaus, Dr."]
[Black "Jürgens, Peter"]
[Result "1/2-1/2"]
[BlackElo "1893"]
[BlackTeam "SC Tempo Göttingen"]
[WhiteElo "2008"]
[WhiteTeam "SC Gronau"]

1. d4 Nf6 2. c4 e6 3. Nf3 b6 4. g3 Ba6 5. Nbd2 Bb7 6. Bg2 c5 7. e4 d6 8. e5 dxe5
9. dxe5 Nfd7 10. O-O Qc7 11. Re1 Nc6 12. Qe2 Be7 13. b3 O-O 14. Bb2 Rad8 15.
Rad1 Ndb8 16. Ne4 Rxd1 17. Rxd1 Rd8 18. Rxd8+ Qxd8 19. a3 Na5 20. Nfd2 Nbc6 21.
Qg4 Nd4 22. b4 Bxe4 23. Qxe4 Nac6 24. Nf3 Nxf3+ 25. Bxf3 Nd4 26. Bxd4 Qxd4 
1/2-1/2

[Event "OSEM SH 2017"]
[Site "Büsum"]
[Date "2017.09.12"]
[Round "5.31"]
[White "Görtz, Hans"]
[Black "Scholz, Herbert, Dr."]
[Result "1-0"]
[BlackElo "1873"]
[BlackTeam "PSV Neustadt"]
[WhiteElo "1998"]
[WhiteTeam "DJK Wacker Bergeborbeck"]

1. d4 d5 2. Nf3 c5 3. e3 cxd4 4. exd4 Nc6 5. Be2 Bf5 6. a3 Qc7 7. Nc3 e6 8. O-O
 Nf6 9. Bd3 Bg4 10. Be3 a6 11. h3 Bh5 12. Be2 Bd6 13. Nd2 Bxe2 14. Qxe2
Bh2+ 15. Kh1 Bf4 16. Qf3 Bd6 17. Ne2 e5 18. Bg5 e4 19. Qb3 Qa5 20. Qc3 Nd7 21.
b4 Qc7 22. Qb3 h6 23. Bh4 g5 24. Bg3 Ne7 25. c4 dxc4 26. Nxc4 Bxg3 27. Nxg3 f5
28. Rac1 Rc8 29. Nxf5 Nxf5 30. Nd6+ Nxd6 31. Rxc7 Rxc7 32. Qe6+ Kd8 33. Qxd6
Rc6 34. Qd5 Re8 35. Re1 Kc7 36. Rxe4 Rc1+ 37. Kh2 Re1 38. Rxe8 Rxe8 39. Qf7 Kd8
40. Qg6 Re2 41. Qxh6 Rxf2 42. Qxg5+ Rf6 43. h4 Kc7 44. h5 Rd6 45. h6 Nf6 46.
Qg7+ Kc6 47. h7  1-0

[Event "OSEM SH 2017"]
[Site "Büsum"]
[Date "2017.09.12"]
[Round "5.32"]
[White "Schumacher, Helmut"]
[Black "Bondick, Karl-Heinz"]
[Result "1/2-1/2"]
[BlackElo "1991"]
[BlackTeam "USC Magdeburg"]
[WhiteElo "1890"]
[WhiteTeam "DJK Aufwärts Aachen"]

1. d4 d5 2. Nc3 Nf6 3. Bg5 Bf5 4. f3 Nbd7 5. Nxd5 Nxd5 6. e4 h6 7. Bh4 g5 8. Bf2
e6 9. exd5 exd5 10. Bd3 Qf6 11. Qe2+ Be6 12. h4 O-O-O 13. hxg5 hxg5 14. Rxh8
Qxh8 15. O-O-O Bd6 16. Kb1 Rg8 17. g4 Qf6 18. Be3 Rh8 19. Qd2 Rh2 20. Ne2 Qxf3
21. Bxg5 Bxg4 22. Re1 Nb6 23. Qc1 f6 24. Ng1 Qg3 25. Bxf6 Rh1 26. Bg5 Nc4 27.
Bxc4 dxc4 28. Bd2 Qg2 29. Be3 b5 30. a3 a5 31. c3 Bf5+ 32. Ka1 Bd3 33. Qd2 Qc6
34. Bf4 Bxf4 35. Qxf4 Qg2 36. Qe3 Kb7 37. Qf3+  1/2-1/2

[Event "OSEM SH 2017"]
[Site "Büsum"]
[Date "2017.09.12"]
[Round "5.33"]
[White "Bullert, Wolfgang"]
[Black "Eberhardt, Michael"]
[Result "1-0"]
[BlackElo "1763"]
[BlackTeam "SC Agon Neumünster"]
[WhiteElo "1989"]
[WhiteTeam "Potsdamer SV"]

1. e4 d5 2. d4 dxe4 3. Nc3 e5 4. Bf4 Nf6 5. Bg5 Be7 6. dxe5 Qxd1+ 7. Rxd1 Ng8 8.
Nd5 Bxg5 9. Nxc7+ Ke7  10. Nxa8 Nc6 11. Nc7 Nxe5 12. Nd5+ Kf8 13. Be2 g6
14. f4 exf3 15. Nxf3 Nxf3+ 16. Bxf3 Kg7 17. O-O  Nf6 18. c4 Be6 19. h3 b6
20. b3 Nxd5 21. Bxd5 Bxd5 22. Rxd5 Be3+ 23. Kh1 a5 24. Rd7 Rf8 25. g4 Kg8 26.
Rfd1 f5 27. Rd8 f4 28. Rxf8+ Kxf8 29. Kg2 g5 30. Rd7 h6 31. Kf3 Kg8 32. Ke4 Bc5
33. Rd3 Kf7 34. Kf5 Bb4 35. h4 Be7 36. Ke4 Ke6 37. Rd5 Kf6 38. hxg5+ hxg5 39.
Rb5 Bc5 40. a3 Be3 41. b4 Bd2 42. Rxb6+ Ke7 43. bxa5 Bxa5 44. Rb5 Bd2 45. Kf3
Kd6 46. Rxg5 Ke6 47. Rf5 Bc1  1-0

[Event "OSEM SH 2017"]
[Site "Büsum"]
[Date "2017.09.12"]
[Round "5.34"]
[White "Rychlik, Kurt"]
[Black "Brandt, Fred"]
[Result "1-0"]
[BlackElo "1805"]
[BlackTeam "Königsjäger Süd-West"]
[WhiteElo "1988"]
[WhiteTeam "SV Berenbostel"]

1. Nf3 Nf6 2. c4 d6 3. d4 e6 4. Nc3 Be7 5. e4 O-O  6. Be2 Nbd7 7. O-O 
e5 8. Qc2 exd4 9. Nxd4 Nc5 10. b4 Ne6 11. Nf5 c5 12. a3 Nc7 13. Ne3 Ne6 14. Bb2
Nd4 15. Qd3 b6 16. Rad1 Bb7 17. f3 Qc7 18. Ncd5 Nxe2+ 19. Qxe2 Bxd5 20. Nxd5
Nxd5 21. Rxd5 Rac8 22. b5 Rcd8 23. Rfd1 f6 24. g4 Qc8 25. Kg2 Qe6 26. Bc1 h6
27. Bf4 Rd7 28. Qd2 Rfd8 29. a4 Bf8 30. h4 g5 31. Bg3 Be7 32. Qd3 Kg7 33. Qc3
Kg8 34. Rh1 Bf8 35. Ra1 Rh7 36. a5 Qc8 37. Qxf6 Rf7 38. Qg6+ Bg7 39. hxg5 hxg5
40. Qxg5 Rf6 41. axb6 axb6 42. Rad1 Qa8 43. Be5 Qa2+ 44. R1d2  1-0

[Event "OSEM SH 2017"]
[Site "Büsum"]
[Date "2017.09.12"]
[Round "5.35"]
[White "Bordasch, Christian, Dr."]
[Black "Jäke, Wilhelm"]
[Result "0-1"]
[BlackElo "1983"]
[BlackTeam "Kropper SC"]
[WhiteElo "1805"]
[WhiteTeam "SK Norderstedt"]

1. d4 Nf6 2. c4 e6 3. Nc3 Bb4 4. Nf3 b6 5. Qc2 Bb7 6. a3 Bxc3+ 7. Qxc3 Ne4 8.
Qc2 O-O  9. g3 f5 10. Bg2 a5 11. O-O  Qe7 12. Nd2 d5 13. cxd5 exd5 14.
Nf3 Nc6 15. e3 Kh8 16. Nd2 Qd7 17. Nb1 a4 18. Nc3 Nxc3 19. Qxc3 Na5 20. Rb1 Ba6
21. Re1 Bc4 22. Bf1 Rf6 23. Bxc4 Nxc4 24. Qd3 Re8 25. Qf1 Rfe6 26. Rd1 h6 27.
Bd2 Kh7 28. Bc3 Re4 29. Re1 g5 30. Qh3 Kg6 31. Qg2 h5 32. Kh1 Qc6 33. Rg1 R8e7
34. Bb4 Rh7 35. h4 Qf6 36. hxg5 Qxg5 37. Qf3 Qg4 38. Qxg4+ hxg4+ 39. Kg2 Re8
40. Bc3 Reh8 41. Rh1 Rh3 42. Rxh3 Rxh3 43. Rh1 Rxh1 44. Kxh1 Kf6 45. Kg1 Ke6
46. Kf1 Nd6 47. Ke2 Ne4 48. Be1 Kd6 49. Kd3 Kc6 50. Kc2 Kb5 51. b3 Nd6 52. Bb4
Ne4 53. Be1 c5 54. dxc5 bxc5 55. Kb2 axb3 56. Kxb3 c4+ 57. Ka2 Nc5 58. Kb1 Nd3
59. Bc3 Nxf2 60. Be1 Ne4 61. Kc2 Ka4 62. Kb2 c3+ 63. Bxc3 Nxg3 64. Be1 Ne4 65.
Kc2 g3 66. Bxg3 Nxg3 67. Kd3 Kxa3 68. Kd4 Kb4 69. Kxd5 Kc3 70. Ke5 Kd3 71. Kf4
Ke2 72. e4 fxe4 73. Kxg3 Kd2  0-1

[Event "OSEM SH 2017"]
[Site "Büsum"]
[Date "2017.09.12"]
[Round "5.36"]
[White "Engbrecht, Helmut"]
[Black "Nowack, Achim"]
[Result "1-0"]
[BlackElo "1705"]
[BlackTeam "SK Kaltenkirchen"]
[WhiteElo "1981"]
[WhiteTeam "SV Schorndorf"]

1. e4 d6 2. Nc3 g6 3. Nf3 Bg7 4. d4 c6 5. Bc4 Nf6 6. e5 dxe5 7. Nxe5 O-O  8.
O-O  Nd5 9. Nxd5 cxd5 10. Bb3 e6 11. f4 Nd7 12. c3 Qb6 13. Qe2 Nf6 14. Bc2
Bd7 15. Bd3 Rac8 16. g4 Bc6 17. a4 a6 18. Be3 Be8 19. h4 Ne4 20. Bxe4 dxe4 21.
g5 Qc7 22. Bd2 f6 23. gxf6 Bxf6 24. Qxe4 Bxe5 25. Qxe5 Qxe5 26. fxe5 Bc6 27.
Bh6 Rxf1+ 28. Kxf1 Bd5 29. Ke2 Rc7 30. Bg5 Rc6 31. Kd3 Bc4+ 32. Kc2 Bd5 33. b3
Be4+ 34. Kd2 Rc7 35. c4 Rd7 36. Kc3 Kg7 37. Bf6+ Kh6 38. a5 Kh5 39. b4 h6 40.
b5 g5 41. Re1 Bf5 42. hxg5 hxg5 43. bxa6 bxa6 44. d5 Rc7 45. d6  1-0

[Event "OSEM SH 2017"]
[Site "Büsum"]
[Date "2017.09.12"]
[Round "5.37"]
[White "Wolke, Reimund"]
[Black "Zechel, Rolf-Rüdiger"]
[Result "1/2-1/2"]
[BlackElo "1694"]
[BlackTeam "SK Kaltenkirchen"]
[WhiteElo "1979"]
[WhiteTeam "Hamburger SK"]

1. e4 c5 2. c3 d5 3. exd5 Qxd5 4. Nf3 Nf6 5. d4 Bg4 6. Be2 e6 7. h3 Bxf3 8. Bxf3
Qd7 9. O-O  cxd4 10. cxd4 Nd5 11. Nc3 Nxc3 12. bxc3 Be7 13. Qe2  O-O
 14. Rb1 Nc6 15. d5 exd5 16. Rd1 Qc7 17. Bxd5 Bf6 18. c4 b6 19. Bb2 Bxb2
20. Qxb2 Rac8 21. Re1 Ne7  1/2-1/2

[Event "OSEM SH 2017"]
[Site "Büsum"]
[Date "2017.09.12"]
[Round "5.38"]
[White "Mewes, Hans-Dieter"]
[Black "Strobel, Walter"]
[Result "1/2-1/2"]
[BlackElo "2189"]
[BlackTeam "SK Klingenberg"]
[WhiteElo "1845"]
[WhiteTeam "VHS Heide"]

1. c4 Nf6 2. g3 e5 3. Bg2 c6 4. d4 e4 5. Nc3 Bb4 6. Bd2 Bxc3 7. Bxc3 d5 8. cxd5
cxd5 9. h3 O-O  10. e3 Nc6 11. Qd2 a5 12. a4 Qd6 13. Ne2 Nb4 14. O-O 
b6 15. Bxb4 axb4 16. Rfc1 Ba6 17. b3 g5 18. Bf1 h5 19. Kh1 Kg7 20. Ng1 Bxf1 21.
Rxf1 Nd7 22. Rac1 Nb8 23. Ne2 Nc6 24. Qb2 Na5 25. Rc2 Qd7 26. Kh2 Nc6 27. Rcc1
Qd6 28. Kg2 f5 29. Qd2 Na5 30. Qb2 Rae8 31. Rb1 Rf7 32. Qd2 Kg6 33. Rg1 Ref8
34. Kh2 Rh8 35. h4 Rfh7 36. Kh3 Rc7 37. Rgc1 Rhc8 38. Rxc7 Rxc7 39. Rb2 gxh4
40. Nf4+  1/2-1/2

[Event "OSEM SH 2017"]
[Site "Büsum"]
[Date "2017.09.12"]
[Round "5.39"]
[White "Limberg, Siegfried"]
[Black "Strohbusch, Frank, Dr."]
[Result "1/2-1/2"]
[BlackElo "1860"]
[BlackTeam "SK Freising"]
[WhiteElo "2019"]
[WhiteTeam "SF Taunus"]

1. d4 f5 2. c4 Nf6 3. Nc3 d6 4. Nf3 g6 5. g3 Bg7 6. Bg2 O-O  7. O-O  Na6
8. b3 Qe8 9. Bb2 e5 10. dxe5 dxe5 11. e3 c6 12. Qe2 Nh5 13. Rfd1 Qf7 14. Rac1
f4 15. Ne1 fxg3 16. fxg3 Bg4 17. Qxg4 Qf2+ 18. Kh1 Qxb2 19. Nd3 Qa3 20. Qe6+
Kh8 21. Nxe5 Bxe5 22. Qxe5+ Ng7 23. Rf1 Rae8 24. Rxf8+ Rxf8 25. Rf1 Rxf1+ 26.
Bxf1 Qf8 27. Kg1 Nc5 28. Be2 Kg8 29. g4 Nce6 30. Ne4 Qd8 31. g5 b6 32. h4 c5
33. Nf6+ Kh8 34. h5 gxh5 35. Bxh5 Nxg5 36. Ne8 Nf3+ 37. Bxf3 Qxe8 38. Qxe8+
Nxe8 39. Bc6 Nc7 40. Kf2 Kg7 41. Kf3 Kf6 42. Ke4  1/2-1/2

[Event "OSEM SH 2017"]
[Site "Büsum"]
[Date "2017.09.12"]
[Round "5.40"]
[White "Wölfert, Jürgen"]
[Black "Armbrüster, Jürgen"]
[Result "1/2-1/2"]
[BlackElo "1961"]
[BlackTeam "SF Katernberg"]
[WhiteElo "1860"]
[WhiteTeam "BSC Rehberge"]

1. c4 Nf6 2. g3 c6 3. Bg2 d5 4. Nf3 e6 5. O-O  Be7 6. d3 O-O  7. Qc2 b6
8. Bd2 Bb7 9. Bc3 c5 10. Bxf6 Bxf6 11. cxd5 Bxd5 12. e4 Bb7 13. Nbd2 Nc6 14. a3
Nd4 15. Nxd4 Qxd4 16. Rfb1 Rfd8 17. Bf1 Ba6 18. Nc4 Bxc4 19. dxc4 Qd2 20. Qb3
Bd4 21. Qf3 e5 22. Qe2 Qxe2 23. Bxe2 Rd6 24. Ra2 Rad8 25. b4 cxb4 26. axb4 R8d7
27. Rb3 g6 28. Rba3 Rf6 29. Bf1 Kg7 30. Rc2 h5 31. h4 Rc7 32. Kg2 Rd6 33. Rd3
Re6 34. f4 f6 35. f5 Ree7 36. Be2 Kh6 37. Rf3 g5 38. hxg5+ fxg5 39. Rf1 g4 40.
Rh1 Kg5 41. Rhc1 Rh7 42. c5 bxc5 43. bxc5 h4 44. c6 hxg3 45. Kxg3 Rh3+ 46. Kg2
Re3 47. Rf1 Kf6 48. Bxg4 Rxe4 49. Bh5 Re3 50. Bg6 Rc3 51. Rxc3 Bxc3 52. Be8
Rg7+ 53. Kf3 Ba5 54. Ke4 Rg4+ 55. Kd5 Bb6 56. Rd1 Rd4+ 57. Rxd4 exd4 58. c7
Bxc7 59. Kxd4 Kxf5  1/2-1/2

[Event "OSEM SH 2017"]
[Site "Büsum"]
[Date "2017.09.12"]
[Round "5.41"]
[White "Gebuhr, Günter"]
[Black "Alvarez, Luis"]
[Result "1/2-1/2"]
[BlackElo "1849"]
[BlackTeam "Zug um Zug Everswinkel"]
[WhiteElo "1961"]
[WhiteTeam "SSV Weimar"]

1. e4 d5 2. exd5 Qxd5 3. Nc3 Qa5 4. d4 Nf6 5. Nf3 Bg4 6. Bd2 c6 7. Ne4 Qc7 8.
Nxf6+ exf6 9. Be2 Bd6 10. h3 Be6 11. O-O  Nd7 12. c4 b6 13. Re1 O-O 
14. Qc2 Rfe8 15. Bd3 Nf8 16. Be4 Rac8 17. b3 Bf4 18. Rad1 Bxd2 19. Rxd2 Qf4 20.
Rde2 Red8 21. Qd2 Qd6 22. Rd1 Qc7 23. Bb1 Rd6 24. Qf4 Qb8 25. Qh4 Rcd8 26. a4
Qc8  1/2-1/2

[Event "OSEM SH 2017"]
[Site "Büsum"]
[Date "2017.09.12"]
[Round "5.42"]
[White "Mentink, Toon"]
[Black "Botvinnik, Alexey"]
[Result "1/2-1/2"]
[BlackElo "1836"]
[BlackTeam "SG Porz"]
[WhiteElo "1946"]
[WhiteTeam "Stukkenjagers"]

1. e4 e5 2. Bc4 Nc6 3. d3 Nf6 4. Nf3 Bc5 5. c3 d6 6. O-O  O-O  7. d4 Bb6
8. Bg5 h6 9. Bxf6 Qxf6 10. d5 Ne7 11. Be2 Bg4 12. Nbd2 Ng6 13. Nc4 Nf4 14. Nxb6
Nxe2+ 15. Qxe2 axb6 16. Kh1 Bxf3 17. gxf3 Qh4 18. Rg1 f5 19. Rg2 f4 20. a3 Kh7
21. Rag1 g5 22. h3 Rg8 23. Rh2 Qh5 24. Rg4 Qf7 25. h4 gxh4 26. Rgxh4 Rg6 27.
Rg4 Rag8 28. Rxg6 Rxg6 29. Qf1 Qd7 30. Rh4 Qa4 31. Qc1 Qc4 32. Qd1 Qb5 33. Rg4
Qxb2 34. Rxg6 Kxg6 35. Qg1+ Kh7 36. Qg4 Qxc3 37. Qd7+ Kg6 38. Kg2 Qc1 39. a4
Qc2 40. Qe6+ Kg7 41. Qe7+ Kg6 42. Qe8+ Kg7 43. Qc8 Qc5 44. Qxb7 Qc3 45. Qc8 Qc5
46. Qe6 Qc2 47. Qe8 Qc5 48. Qe7+ Kg6 49. Qf8 Kh7 50. Qf7+ Kh8 51. Qg6 h5 52.
Qxh5+ Kg8 53. Qe8+ Kg7 54. Qe6 Kf8 55. Qd7 Qc2  1/2-1/2

[Event "OSEM SH 2017"]
[Site "Büsum"]
[Date "2017.09.12"]
[Round "5.43"]
[White "Baerthel, Klaus"]
[Black "Pantel, Heinrich"]
[Result "1/2-1/2"]
[BlackElo "1834"]
[BlackTeam "SK Kaltenkirchen"]
[WhiteElo "1938"]
[WhiteTeam "Naumburger SV"]

1. e4 d5 2. exd5 Qxd5 3. Nc3 Qa5 4. d4 c6 5. Nf3 Bg4 6. Be2 Nf6 7. O-O e6 8. Re1
Bb4 9. Bd2 O-O  10. Ne5 Bxe2 11. Qxe2 Nbd7 12. a3 Bxc3 13. Bxc3 Qc7 
1/2-1/2

[Event "OSEM SH 2017"]
[Site "Büsum"]
[Date "2017.09.12"]
[Round "5.44"]
[White "Reichwald, Klaus"]
[Black "Meul, Willi"]
[Result "1/2-1/2"]
[BlackElo "1938"]
[BlackTeam "SV Hürth-Berrenrath"]
[WhiteElo "1834"]
[WhiteTeam "SC Lohhof"]

1. e4 c5 2. Nc3 d6 3. Nf3 Nf6 4. d3 Nbd7 5. Ne2 e5 6. Ng3 g6 7. Be2 Bg7 8. Bg5
h6 9. Be3 Ng4 10. Bd2 h5 11. h3 Nh6 12. Nf1 Nf8 13. Ne3 Ne6 14. Nd5 Bd7 15. Qc1
Bc6 16. c4 Bxd5 17. cxd5 Nd4  18. Nxd4 cxd4 19. O-O  Rc8 20. Qd1 O-O
 21. f4 f5 22. fxe5 fxe4 23. dxe4 dxe5 24. Qb3 Kh7 25. Rac1 Rxf1+  1/2-1/2

[Event "OSEM SH 2017"]
[Site "Büsum"]
[Date "2017.09.12"]
[Round "5.45"]
[White "Oettel, Lothar"]
[Black "Jünger, Leonhard"]
[Result "1/2-1/2"]
[BlackElo "1833"]
[BlackTeam "Aachener SV"]
[WhiteElo "1937"]
[WhiteTeam "TSG Oberschöneweide"]

1. d4 Nf6 2. Nf3 e6 3. c4 Bb4+ 4. Bd2 a5 5. a3 Bxd2+ 6. Nbxd2 d6 7. e4 O-O 
8. Bd3 e5 9. Qe2 Nc6 10. d5 Ne7 11. O-O  Ng6 12. Rfe1 Bg4 13. h3 Bxf3 14.
Nxf3 Nd7 15. b4 b6 16. g3  1/2-1/2

[Event "OSEM SH 2017"]
[Site "Büsum"]
[Date "2017.09.12"]
[Round "5.46"]
[White "Bade, Heidrun"]
[Black "Schirmer, Werner"]
[Result "0-1"]
[BlackElo "1931"]
[BlackTeam "Hamburger SK"]
[WhiteElo "1815"]
[WhiteTeam "USV Potsdam"]

1. e4 c5 2. Nf3 Nc6 3. d4 cxd4 4. Nxd4 g6 5. Be3 Nf6 6. Nc3 Bg7 7. Bc4 Qa5 8. O-O O-O 9. Bb3 d6 10. f3 Bd7 11. Qd2 Qb5 12. Nde2 Rad8 13. Ng3 Qa5 14. Rad1 Qc7 15. Qf2 b6 16. Nb5 Qb7 17. c3 Na5 18. Nd4 Nxb3 19. Nxb3 d5 20. e5 Ne8 21. Bd4 e6 22. Nd2 f6 23. Rfe1 Qc7 24. exf6 Bxf6 25. Qe2 Bxd4+ 26. cxd4 Qf4 27. Qe5 Rc8 28. Qxf4 Rxf4 29. Ne2 Rf8 30. Rc1 Nd6 31. Kf2 Nf5 32. Nb3 a5 33. g4 Nd6 34. Nd2 Nc4 35. Nxc4 dxc4 36. Kg3 Rf6 37. f4 b5 38. Nc3 Rcf8 39. Rf1 Bc6 40. Rce1 g5 41. Ne2 Bd5 42. Rc1 Be4 43. Kf2 0-1
 0-1

[Event "OSEM SH 2017"]
[Site "Büsum"]
[Date "2017.09.12"]
[Round "5.47"]
[White "Lüders, Günter"]
[Black "Schwetje, Siegfried"]
[Result "1/2-1/2"]
[WhiteElo "1796"]
[BlackElo "1930"]
[PlyCount "73"]
[EventDate "2017.??.??"]
[WhiteTeam "TSV Benshausen"]
[BlackTeam "SC Bad Salzdetfurth"]

1. d4 Nf6 2. Nf3 d5 3. Bf4 c6 4. Nbd2 Bf5 5. h3 h6 6. e3 e6 7. Nb3 Nbd7 8. Bd3
Ne4 9. O-O Be7 10. Qe2 a5 11. Nbd2 Ndf6 12. c4 Nxd2 13. Qxd2 Ne4 14. Qe2 g5 15.
Be5 f6 16. Bh2 g4 17. Nh4 h5 18. Nxf5 exf5 19. h4 Bd6 20. Bxd6 Qxd6 21. Bxe4
fxe4 22. g3 O-O 23. cxd5 cxd5 24. Qb5 b6 25. Rac1 Rac8 26. a3 Rfd8 27. Qb3 Rc6
28. Rc2 Rdc8 29. Rfc1 Kf8 30. Kf1 Ke7 31. Ke1 Rxc2 32. Rxc2 Rxc2 33. Qxc2 Kd7
34. Kd2 Qc6 35. Qxc6+ Kxc6 36. a4 b5 37. b3 1/2-1/2

[Event "OSEM SH 2017"]
[Site "Büsum"]
[Date "2017.09.12"]
[Round "5.48"]
[White "Hellwege, Werner"]
[Black "Potschka, Dieter"]
[Result "1/2-1/2"]
[WhiteElo "1929"]
[BlackElo "1829"]
[PlyCount "120"]
[EventDate "2017.??.??"]
[WhiteTeam "HSK LTu"]
[BlackTeam "VfL Geesthacht"]

1. d4 e6 2. Nf3 Nf6 3. c4 Be7 4. Nc3 O-O 5. e4 d5 6. cxd5 exd5 7. e5 Ne8 8. Bd3
g6 9. O-O Ng7 10. Qc2 c6 11. Bh6 Na6 12. a3 Nc7 13. Rac1 Bg4 14. Be2 Bxf3 15.
Bxf3 Bg5 16. Bxg5 Qxg5 17. g3 Nf5 18. Qd3 Ne6 19. Ne2 h5 20. Bg2 Qh6 21. Bh3
Nfg7 22. f4 f5 23. exf6 Rxf6 24. Kg2 Raf8 25. Ng1 g5 26. Bxe6+ Nxe6 27. fxg5
Qxg5 28. Nh3 Qg4 29. Rxf6 Rxf6 30. Re1 h4 31. Re5 hxg3 32. Qxg3 Rg6 33. Qxg4
Rxg4+ 34. Kf3 Rg6 35. Ke3 Rh6 36. Nf2 Kf7 37. h3 Rh4 38. Rf5+ Ke7 39. Re5 Kd6
40. b4 Nxd4 41. Rg5 Ne6 42. Rf5 b6 43. Rf7 a6 44. Ra7 Nc7 45. Rb7 b5 46. Rb8
Kd7 47. Rg8 Ne8 48. Rg3 Nd6 49. Ke2 Nc4 50. Nd3 Re4+ 51. Kf2 Ke7 52. Nc5 Rf4+
53. Ke2 a5 54. Rg6 axb4 55. axb4 Rh4 56. Re6+ Kf7 57. Rxc6 Rxh3 58. Na6 Ra3 59.
Nc7 Re3+ 60. Kf2 Rf3+ 1/2-1/2

[Event "OSEM SH 2017"]
[Site "Büsum"]
[Date "2017.09.12"]
[Round "5.49"]
[White "Fleischer, Matthias"]
[Black "Wulf, Adalbert"]
[Result "1-0"]
[WhiteElo "1926"]
[BlackElo "1823"]
[PlyCount "91"]
[EventDate "2017.??.??"]
[WhiteTeam "SV Einheit Schwerin"]
[BlackTeam "SV Ennigerloh-Oelde"]

1. d4 Nf6 2. Nf3 d5 3. Bg5 e6 4. e3 Be7 5. Bxf6 Bxf6 6. Bd3 c5 7. c3 Qc7 8.
Nbd2 O-O 9. h4 e5 10. dxe5 Bxe5 11. Ng5 f5 12. f4 Bf6 13. Qh5 g6 14. Qf3 Qd6
15. O-O-O Be6 16. Nc4 Qe7 17. Ne5 Nc6 18. Qg3 Nxe5 19. fxe5 Bxg5 20. hxg5 Rf7
21. Rh6 Rc8 22. Kb1 Rg7 23. Rdh1 c4 24. Bc2 b5 25. a3 a5 26. Qh4 b4 27. axb4
axb4 28. Kc1 bxc3 29. bxc3 Qa7 30. Kd2 Qc7 31. g4 Rf8 32. Qh2 Qe7 33. Qh4 Bd7
34. Qh2 Rff7 35. Rb1 Qxg5 36. Rb8+ Rf8 37. Rxf8+ Kxf8 38. Rxh7 Be6 39. Rh8+ Rg8
40. gxf5 gxf5 41. Rxg8+ Kxg8 42. Ke2 Kg7 43. Kf2 Kf8 44. Qh8+ Ke7 45. Ba4 Qg8
46. Qf6# 1-0

[Event "OSEM SH 2017"]
[Site "Büsum"]
[Date "2017.09.12"]
[Round "5.50"]
[White "Van Dongen, Rob"]
[Black "Merettig, Georg"]
[Result "1/2-1/2"]
[WhiteElo "1907"]
[BlackElo "1814"]
[PlyCount "55"]
[EventDate "2017.??.??"]
[WhiteTeam "VAS Amsterdam"]
[BlackTeam "SV Caissa Wolfenbüttel"]

1. d4 Nc6 2. Nf3 e6 3. Bf4 Nf6 4. e3 Nh5 5. c3 Nxf4 6. exf4 Ne7 7. g3 Ng6 8.
Bg2 d5 9. O-O Bd6 10. Re1 O-O 11. Ne5 Ne7 12. Nd2 c5 13. dxc5 Bxc5 14. Nb3 Bb6
15. Nd4 Qc7 16. Qd2 f6 17. Nef3 Bxd4 18. Nxd4 e5 19. fxe5 fxe5 20. Nf3 e4 21.
Nd4 Bd7 22. Rac1 b5 23. Re3 Rad8 24. Rf1 Ng6 25. f4 Ne7 26. b3 Nf5 27. Nxf5
Bxf5 28. Rc1 1/2-1/2

[Event "OSEM SH 2017"]
[Site "Büsum"]
[Date "2017.09.12"]
[Round "5.51"]
[White "Bendisch, Jürgen"]
[Black "Wagner, Ingolf"]
[Result "1-0"]
[WhiteElo "1903"]
[BlackElo "1799"]
[PlyCount "67"]
[EventDate "2017.??.??"]
[WhiteTeam "SV Hennef"]
[BlackTeam "Gnoiener SV"]

1. d4 g6 2. Nf3 Bg7 3. c3 d6 4. Bf4 c6 5. e3 Qb6 6. Qb3 Be6 7. c4 h6 8. h3 Na6
9. Nbd2 Nf6 10. Be2 c5 11. a3 Bf5 12. g4 Qxb3 13. Nxb3 Bc2 14. Nbd2 Nd7 15. Rc1
Ba4 16. b3 cxd4 17. bxa4 g5 18. Bg3 dxe3 19. fxe3 Nac5 20. Rb1 Nb6 21. a5 Nba4
22. Nd4 Kd7 23. Kf2 Nc3 24. Rbc1 N3e4+ 25. Nxe4 Nxe4+ 26. Kg2 Rac8 27. Be1 Be5
28. Rb1 Rb8 29. Rf1 Rhf8 30. Bd3 Nc5 31. Bc2 e6 32. Bg3 Bg7 33. Nb5 e5 34. Rfd1
1-0

[Event "OSEM SH 2017"]
[Site "Büsum"]
[Date "2017.09.12"]
[Round "5.52"]
[White "Prause, Dieter"]
[Black "Aigner, Georg"]
[Result "1-0"]
[WhiteElo "1793"]
[BlackElo "1898"]
[PlyCount "57"]
[EventDate "2017.??.??"]
[WhiteTeam "vereinslos"]
[BlackTeam "SC Taufkirchen"]

1. d4 d5 2. Nf3 Nf6 3. c4 e6 4. e3 a6 5. a3 c5 6. Nc3 Nc6 7. cxd5 exd5 8. Be2
Bd6 9. dxc5 Bxc5 10. b4 Bd6 11. O-O O-O 12. Bb2 Be6 13. h3 Rc8 14. Nd4 Ne5 15.
Rc1 Qd7 16. Nxe6 fxe6 17. Qd2 Nc4 18. Bxc4 dxc4 19. Qc2 Bb8 20. Rfd1 Qc7 21. g3
Nh5 22. Ne4 b5 23. Ng5 g6 24. Nxe6 Qf7 25. Nxf8 Rxf8 26. Qe2 Ng7 27. Qd2 Ne6
28. Rc2 Rd8 29. Qxd8+ 1-0

[Event "OSEM SH 2017"]
[Site "Büsum"]
[Date "2017.09.12"]
[Round "5.53"]
[White "Hansch, Klaus-Michael"]
[Black "Hülle, Gunter"]
[Result "1/2-1/2"]
[WhiteElo "1893"]
[BlackElo "1794"]
[PlyCount "40"]
[EventDate "2017.??.??"]
[WhiteTeam "SC Weisse Dame (Berlin)"]
[BlackTeam "SV Springer Leipzig"]

1. d4 Nf6 2. Nc3 g6 3. Bg5 Bg7 4. e4 h6 5. Bh4 g5 6. Bg3 d6 7. h3 Nbd7 8. e5
dxe5 9. dxe5 Nh7 10. Nf3 O-O 11. Bc4 e6 12. O-O a6 13. Re1 b5 14. Bf1 Bb7 15.
a3 Qe7 16. Qe2 Rfd8 17. Rad1 Nhf8 18. Ne4 Ng6 19. Ned2 Nb6 20. Ne4 Rd5 1/2-1/2

[Event "OSEM SH 2017"]
[Site "Büsum"]
[Date "2017.09.12"]
[Round "5.54"]
[White "Steinke, Hans-Jörg"]
[Black "Blosze, Winfried"]
[Result "1/2-1/2"]
[WhiteElo "1791"]
[BlackElo "1871"]
[Annotator "Gemkow,Jan Marten"]
[PlyCount "54"]
[EventDate "2017.??.??"]
[WhiteTeam "SV Datteln"]
[BlackTeam "SV Großauheim"]

1. d4 Nf6 2. c4 g6 3. Nc3 d5 4. cxd5 Nxd5 5. e4 Nxc3 6. bxc3 Bg7 7. Bc4 O-O 8.
Be3 c5 9. Ne2 cxd4 10. cxd4 Qa5+ 11. Qd2 Qxd2+ 12. Kxd2 Nc6 13. Rab1 Na5 14.
Bd3 Be6 15. d5 Bc8 16. Bc5 Bf6 17. f4 b6 18. Bb4 Rd8 19. Rbc1 e5 20. g3 exf4
21. gxf4 Bg4 22. d6 Be6 23. Bxa5 bxa5 24. e5 Bg7 25. Nd4 Rxd6 26. Nxe6 Rxe6 27.
Rc7 Rb6 {Rest nicht rekonstruierbar} 1/2-1/2